00583nas a22001817a 4500003000400000005001700004008004100021022002300062040000800085245008400093260003800177300001700215650003000232650002200262856009100284942001100375999001500386IIN20251211130945.0251211c2019 |||gr|p |||| 00| 0 eng d a2582-1512 (e-ISSN) aIIN aJournal of Medical Surgical Nursing Practice and Researchcedited by I. Clement aUtter PradeshbMAT Journalsc2019 avol. 1 no. 1 aNursingxMedical Surgical aNursingxResearch uhttps://matjournals.com/Journal-of-Medical-Surgical-Nursing-Practice-and-Research.html cSERs1 c1885d1885